SHADES OF DECOLONIAL VOICES IN LINGUISTICS (Record no. 215885)
[ view plain ]
| 000 -LEADER | |
|---|---|
| fixed length control field | 00651nam a22001817a 4500 |
| 008 - FIXED-LENGTH DATA ELEMENTS--GENERAL INFORMATION | |
| fixed length control field | 250711b |||||||| |||| 00| 0 eng d |
| 020 ## - INTERNATIONAL STANDARD BOOK NUMBER | |
| International Standard Book Number | 978-1-80041-852-3 |
| 050 ## - LIBRARY OF CONGRESS CALL NUMBER | |
| Classification number | P 41 .S 33 2023 |
| 100 ## - MAIN ENTRY--PERSONAL NAME | |
| Personal name | EDITED BY:SNFREE MAKONI |
| 245 ## - TITLE STATEMENT | |
| Title | SHADES OF DECOLONIAL VOICES IN LINGUISTICS |
| 260 ## - PUBLICATION, DISTRIBUTION, ETC. | |
| Place of publication, distribution, etc. | BRISTOL, |
| Name of publisher, distributor, etc. | MULTILINGUAL MATTERS, |
| Date of publication, distribution, etc. | 2023, |
| 300 ## - PHYSICAL DESCRIPTION | |
| Extent | XVIII,249 P.:ILL |
| 500 ## - GENERAL NOTE | |
| General note | INCLUDES BIBLIOGRAPHICAL REFERENCES AND INDEX |
| 650 ## - SUBJECT ADDED ENTRY | |
| Topical term or geographic name entry element | 1. LINGUISTICS 2. DECOLONIZATION 3. IMPERIALISM AND PHILOGY |
| 700 ## - ADDED ENTRY--PERSONAL NAME | |
| Personal name | EDITORS: CRISTINE SEVERO, ASHRAF ABDELHAY, ANNA KAIPER-MARQUEZ, VISNJA MILOJICIC |
| 942 ## - ADDED ENTRY ELEMENTS (KOHA) | |
| Source of classification or shelving scheme | Library of Congress Classification |
| Koha item type | Long Loan Book |
| Withdrawn status | Lost status | Source of classification or shelving scheme | Damaged status | Not for loan | Collection | Home library | Current library | Shelving location | Date acquired | Inventory number | Total checkouts | Full call number | Barcode | Date last seen | Copy number | Price effective from | Koha item type |
|---|---|---|---|---|---|---|---|---|---|---|---|---|---|---|---|---|---|
| Library of Congress Classification | Arts & Social Sciences | Kisii University Library | Kisii University Library | On Display | 07/11/2025 | 109117 | P 41 .S33 2023 | 000000023912 | 07/11/2025 | 1 | 07/11/2025 | Long Loan Book | |||||
| Library of Congress Classification | Arts & Social Sciences | Kisii University Library | Kisii University Library | On Display | 07/11/2025 | 109118 | P 41 .S33 2023 | 000000023911 | 07/11/2025 | 2 | 07/11/2025 | Long Loan Book | |||||
| Library of Congress Classification | Arts & Social Sciences | Kisii University Library | Kisii University Library | On Display | 07/11/2025 | 109119 | P 41 .S33 2023 | 000000023910 | 07/11/2025 | 3 | 07/11/2025 | Long Loan Book | |||||
| Library of Congress Classification | Arts & Social Sciences | Kisii University Library | Kisii University Library | On Display | 07/11/2025 | 109120 | P 41 .S33 2023 | 000000023975 | 07/11/2025 | 4 | 07/11/2025 | Long Loan Book | |||||
| Library of Congress Classification | Arts & Social Sciences | Kisii University Library | Kisii University Library | On Display | 07/11/2025 | 109121 | P 41 .S33 2023 | 000000023974 | 07/11/2025 | 5 | 07/11/2025 | Long Loan Book |